[Event "Titled Tuesday intern op 02nd Mar"]
[Site "Chess.com INT"]
[Date "2021.03.02"]
[Round "8"]
[White "Zavivaeva, Evelina"]
[Black "Schill, William"]
[Result "0-1"]
[WhiteElo "1536"]
[BlackElo "2147"]
[PlyCount "134"]
[EventDate "2021.03.02"]
[EventType "swiss (blitz)"]
[EventRounds "11"]
[EventCountry "USA"]
[SourceTitle "CBM 201 Extra"]
[Source "ChessBase"]
[SourceDate "2021.05.31"]
[SourceVersion "1"]
[SourceVersionDate "2021.05.31"]
[SourceQuality "1"]

1. e4 c5 2. c3 e6 3. d4 d5 4. exd5 exd5 5. Nf3 Nc6 6. Be2 Bd6 7. 0-0 Nge7 8. Re1 0-0 9. Bg5 f6 10. Bh4 Nf5 11. Bg3 Nxg3 12. hxg3 Be6 13. dxc5 Bxc5 14. Bb5 Bf7 15. Nd4 Qb6 16. Bxc6 bxc6 17. Qd2 Rfe8 18. Re3 Rxe3 19. fxe3 Re8 20. Qf2 Bf8 21. b3 c5 22. Nf3 Qe6 23. Nbd2 Qxe3 24. Qxe3 Rxe3 25. Rc1 Bd6 26. Kf2 Re7 27. Re1 Rxe1 28. Kxe1 g5 29. Ke2 Bxg3 30. Kf1 Bf4 31. Ke2 h5 32. Ne1 h4 33. Nd3 Bh5+ 34. Ke1 Bd6 35. Nf2 Kf7 36. Nf1 Ke6 37. Ne3 Be5 38. Kd2 Bf4 39. Kd3 Bg6+ 40. Ke2 f5 41. Kd3 g4 42. Ke2 d4 43. cxd4 cxd4 44. Nc4 Bc7 45. Nd3 f4 46. a4 f3+ 47. gxf3 gxf3+ 48. Kxf3 Bxd3 49. Kg4 Bxc4 50. Kxh4 Kd6 51. Kg4 Bxb3 52. Kf3 Bxa4 53. Ke4 Kc5 54. Kd3 Bc6 55. Kd2 Bd5 56. Kc2 Be5 57. Kd2 Kc4 58. Ke2 d3+ 59. Ke1 Bf4 60. Kf2 Be4 61. Kg1 Kc3 62. Kf1 Kc2 63. Ke1 d2+ 64. Ke2 d1Q+ 65. Kf2 Bd3 66. Kg2 Qe2+ 67. Kh1 Qf1# 0-1

[Event "Titled Tuesday intern op 16th Feb"]
[Site "Chess.com INT"]
[Date "2021.02.16"]
[Round "7"]
[White "Bendayan Claros, Aaron Arturo"]
[Black "Zavivaeva, Evelina"]
[Result "1-0"]
[WhiteElo "2167"]
[BlackElo "1536"]
[PlyCount "51"]
[EventDate "2021.02.16"]
[EventType "swiss (blitz)"]
[EventRounds "11"]
[EventCountry "USA"]
[SourceTitle "EXT 2022"]
[Source "ChessBase"]
[SourceDate "2021.10.06"]
[SourceVersion "1"]
[SourceVersionDate "2021.10.06"]
[SourceQuality "1"]

1. d4 d5 2. c4 dxc4 3. e4 Nf6 4. e5 Nd5 5. Bxc4 Bf5 6. Ne2 e6 7. 0-0 Be7 8. Nbc3 Nxc3 9. bxc3 0-0 10. Ng3 Bg6 11. Be3 Nd7 12. f4 a6 13. f5 exf5 14. Nxf5 Bxf5 15. Rxf5 b5 16. Bb3 c5 17. Qf3 c4 18. Bc2 Qc7 19. Rf1 f6 20. Rh5 g6 21. Rxh7 fxe5 22. Qh3 Rxf1+ 23. Kxf1 Rf8+ 24. Kg1 Nf6 25. Bxg6 Nd5 26. Qe6+ 1-0

[Event "Titled Tuesday intern op 16th Feb"]
[Site "Chess.com INT"]
[Date "2021.02.16"]
[Round "8"]
[White "Zavivaeva, Evelina"]
[Black "Blanco Gramajo, Cesar Augusto"]
[Result "0-1"]
[WhiteElo "1536"]
[BlackElo "2065"]
[PlyCount "64"]
[EventDate "2021.02.16"]
[EventType "swiss (blitz)"]
[EventRounds "11"]
[EventCountry "USA"]
[SourceTitle "EXT 2022"]
[Source "ChessBase"]
[SourceDate "2021.10.06"]
[SourceVersion "1"]
[SourceVersionDate "2021.10.06"]
[SourceQuality "1"]

1. e4 c5 2. c3 d5 3. exd5 Qxd5 4. d4 Nc6 5. Nf3 Bg4 6. Be2 e6 7. 0-0 cxd4 8. Nxd4 Bxe2 9. Nxe2 Nf6 10. Qxd5 Nxd5 11. Be3 Nxe3 12. fxe3 Bc5 13. Re1 Bxe3+ 14. Kf1 0-0-0 15. Na3 Rd7 16. Rad1 Bd2 17. Nb5 Bxe1 18. Rxd7 Kxd7 19. Kxe1 a6 20. Nbd4 Nxd4 21. cxd4 Rc8 22. Kd2 Kd6 23. Kd3 f5 24. Nc3 e5 25. dxe5+ Kxe5 26. g3 g5 27. b3 Rxc3+ 28. Kxc3 Ke4 29. Kc4 f4 30. gxf4 gxf4 31. Kc3 Ke3 32. Kc2 Ke2 0-1

[Event "Titled Tuesday intern op 16th Feb"]
[Site "Chess.com INT"]
[Date "2021.02.16"]
[Round "5"]
[White "Zavivaeva, Evelina"]
[Black "Fernandez Siles, Luis"]
[Result "0-1"]
[WhiteElo "1536"]
[BlackElo "2256"]
[PlyCount "50"]
[EventDate "2021.02.16"]
[EventType "swiss (blitz)"]
[EventRounds "11"]
[EventCountry "USA"]
[SourceTitle "EXT 2022"]
[Source "ChessBase"]
[SourceDate "2021.10.06"]
[SourceVersion "1"]
[SourceVersionDate "2021.10.06"]
[SourceQuality "1"]

1. e4 c5 2. c3 d5 3. exd5 Nf6 4. d4 cxd4 5. cxd4 Nxd5 6. Nf3 g6 7. Be2 Bg7 8. Nc3 0-0 9. 0-0 Nc6 10. Bg5 h6 11. Bh4 b6 12. Rc1 Bb7 13. Nxd5 Qxd5 14. Bc4 Qh5 15. Bg3 Rad8 16. d5 Bxb2 17. Qc2 Na5 18. Qxb2 Nxc4 19. Rxc4 Ba6 20. Rfc1 Qxd5 21. Rd4 Qf5 22. Rxd8 Rxd8 23. h3 Bb7 24. Qe5 Qd3 25. Rc8 Bxc8 0-1

[Event "Titled Tuesday intern op 09th Feb"]
[Site "Chess.com INT"]
[Date "2021.02.09"]
[Round "9"]
[White "Bogumil, Tatiana"]
[Black "Zavivaeva, Evelina"]
[Result "1-0"]
[WhiteElo "2182"]
[BlackElo "1536"]
[PlyCount "63"]
[EventDate "2021.02.09"]
[EventType "swiss (blitz)"]
[EventRounds "11"]
[EventCountry "USA"]
[SourceTitle "EXT 2022"]
[Source "ChessBase"]
[SourceDate "2021.10.06"]
[SourceVersion "1"]
[SourceVersionDate "2021.10.06"]
[SourceQuality "1"]

1. Nf3 d5 2. c4 dxc4 3. Na3 Nf6 4. Nxc4 Nc6 5. b3 Bf5 6. Bb2 e6 7. g3 Bb4 8. Bg2 0-0 9. 0-0 Bg6 10. a3 Bc5 11. b4 Bb6 12. d3 Qe7 13. Qc2 Rad8 14. Nxb6 cxb6 15. Rac1 Rc8 16. Qb3 b5 17. e4 a5 18. Rc5 axb4 19. axb4 Nxb4 20. Rxb5 Nc6 21. Ba3 Qd7 22. Bxf8 Kxf8 23. Rxb7 Nd4 24. Nxd4 Qxd4 25. Qb4+ Qxb4 26. Rxb4 Rd8 27. Rb3 Nd7 28. d4 e5 29. d5 Nc5 30. Re3 f6 31. Rc1 Rc8 32. Rec3 1-0

[Event "Titled Tuesday intern op 09th Feb"]
[Site "Chess.com INT"]
[Date "2021.02.09"]
[Round "8"]
[White "Zavivaeva, Evelina"]
[Black "Cramling Bellon, Anna"]
[Result "0-1"]
[WhiteElo "1536"]
[BlackElo "2035"]
[PlyCount "132"]
[EventDate "2021.02.09"]
[EventType "swiss (blitz)"]
[EventRounds "11"]
[EventCountry "USA"]
[SourceTitle "EXT 2022"]
[Source "ChessBase"]
[SourceDate "2021.10.06"]
[SourceVersion "1"]
[SourceVersionDate "2021.10.06"]
[SourceQuality "1"]

1. e4 c5 2. c3 Nf6 3. e5 Nd5 4. d4 cxd4 5. Nf3 e6 6. cxd4 d6 7. Bc4 Nc6 8. Nc3 Nxc3 9. bxc3 dxe5 10. Nxe5 Nxe5 11. dxe5 Qxd1+ 12. Kxd1 Bd7 13. Bf4 Rc8 14. Bb3 Rxc3 15. Ke2 Bb5+ 16. Kd2 Bb4 17. a3 Ba5 18. Rhb1 Rxb3+ 19. Kc2 Rc3+ 20. Kd1 Ba4+ 21. Ke1 Rc4+ 22. Ke2 Rxf4 23. Rxb7 0-0 24. Rab1 Bb6 25. g3 Rxf2+ 26. Ke1 Bc6 27. R7xb6 axb6 28. Kxf2 b5 29. Rd1 Bd5 30. Rc1 Bc4 31. Rc3 Ra8 32. Ke3 Kf8 33. Kd4 Ke7 34. Kc5 Kd7 35. Rf3 Ke7 36. g4 Rd8 37. Kb4 Rd5 38. Re3 f6 39. exf6+ gxf6 40. Rh3 Kd6 41. Rxh7 Rd4 42. Rf7 Bd3+ 43. Kc3 Rd5 44. Rxf6 Be2 45. Rf2 Bxg4 46. Rf4 Bf5 47. Kb4 Rd3 48. Kxb5 Rxa3 49. Kc4 Rh3 50. Rd4+ Ke5 51. Rd2 Kf4 52. Rd1 e5 53. Rg1 e4 54. Rf1+ Ke5 55. Re1 Rxh2 56. Rf1 Rc2+ 57. Kb3 Rd2 58. Kc3 Rd3+ 59. Kc2 Bg4 60. Re1 Rd4 61. Rf1 Bf3 62. Rf2 Kf4 63. Rf1 Rd3 64. Re1 Re3 65. Rf1 Re2+ 66. Kd1 Ke3 0-1

[Event "Titled Tuesday intern op 09th Feb"]
[Site "Chess.com INT"]
[Date "2021.02.09"]
[Round "4"]
[White "Zavivaeva, Evelina"]
[Black "Samani, Yamac"]
[Result "0-1"]
[WhiteElo "1536"]
[BlackElo "2246"]
[PlyCount "58"]
[EventDate "2021.02.09"]
[EventType "swiss (blitz)"]
[EventRounds "11"]
[EventCountry "USA"]
[SourceTitle "EXT 2022"]
[Source "ChessBase"]
[SourceDate "2021.10.06"]
[SourceVersion "1"]
[SourceVersionDate "2021.10.06"]
[SourceQuality "1"]

1. e4 c5 2. c3 e6 3. d4 d5 4. exd5 exd5 5. Nf3 Nc6 6. Bb5 Bd6 7. 0-0 Nge7 8. Re1 0-0 9. Bg5 f6 10. Bh4 Bg4 11. dxc5 Bxc5 12. Nbd2 Qb6 13. Bxc6 bxc6 14. b4 Bd6 15. a3 Nf5 16. Bg3 Nxg3 17. hxg3 Bxg3 18. Qe2 Bd6 19. Qd3 Rae8 20. c4 Qb7 21. cxd5 cxd5 22. Qd4 Bh5 23. Rac1 Bf7 24. Nb3 Qa6 25. Qb2 Bf4 26. Rxe8 Rxe8 27. Rf1 Qe2 28. Qxe2 Rxe2 29. Rd1 Ra2 0-1

[Event "Titled Tuesday intern op 26th Jan"]
[Site "Chess.com INT"]
[Date "2021.01.26"]
[Round "6"]
[White "Starosta, Martyna"]
[Black "Zavivaeva, Evelina"]
[Result "1-0"]
[WhiteElo "1945"]
[BlackElo "1536"]
[PlyCount "77"]
[EventDate "2021.01.26"]
[EventType "swiss (blitz)"]
[EventRounds "11"]
[EventCountry "USA"]
[SourceTitle "CBM 200 Extra"]
[Source "ChessBase"]
[SourceDate "2021.03.31"]
[SourceVersion "1"]
[SourceVersionDate "2021.03.31"]
[SourceQuality "1"]

1. e4 e5 2. Nf3 Nc6 3. Bb5 a6 4. Ba4 b5 5. Bb3 Be7 6. 0-0 Nf6 7. c3 0-0 8. Re1 d6 9. h3 Be6 10. d4 Bxb3 11. Qxb3 exd4 12. cxd4 Re8 13. Nc3 Na5 14. Qc2 b4 15. Nd1 Qd7 16. b3 Qc6 17. Qd3 Qb5 18. Nb2 Qxd3 19. Nxd3 d5 20. e5 Ne4 21. Bb2 Nc3 22. Bxc3 bxc3 23. Rac1 Rac8 24. Rxc3 c6 25. Nc5 Bxc5 26. Rxc5 Nb7 27. Rcc1 c5 28. g3 cxd4 29. Rxc8 Rxc8 30. Nxd4 Nd8 31. Kg2 Ne6 32. Nxe6 fxe6 33. Re2 Kf7 34. f4 Rc3 35. Kf2 Ke7 36. Rb2 Kd7 37. a3 Kc6 38. h4 d4 39. Kg2 1-0

[Event "Titled Tuesday intern op 26th Jan"]
[Site "Chess.com INT"]
[Date "2021.01.26"]
[Round "1"]
[White "Tejedor Fuente, Enrique"]
[Black "Zavivaeva, Evelina"]
[Result "1-0"]
[WhiteElo "2426"]
[BlackElo "1536"]
[PlyCount "133"]
[EventDate "2021.01.26"]
[EventType "swiss (blitz)"]
[EventRounds "11"]
[EventCountry "USA"]
[SourceTitle "CBM 200 Extra"]
[Source "ChessBase"]
[SourceDate "2021.03.31"]
[SourceVersion "1"]
[SourceVersionDate "2021.03.31"]
[SourceQuality "1"]

1. e4 e5 2. Nf3 Nc6 3. Bc4 Bc5 4. 0-0 d6 5. c3 Nf6 6. d4 Bb6 7. a4 a6 8. dxe5 Nxe5 9. Nxe5 dxe5 10. Qxd8+ Kxd8 11. a5 Bc5 12. b4 Ba7 13. Bxf7 Nxe4 14. Bd5 Nf6 15. Bg5 c6 16. Bb3 Bf5 17. Nd2 Kc7 18. Nc4 Rhe8 19. Be3 Bxe3 20. Nxe3 Bg6 21. Rfe1 b6 22. axb6+ Kxb6 23. Nc4+ Kc7 24. Nxe5 Re7 25. Nxg6 Rxe1+ 26. Rxe1 hxg6 27. Re7+ Kd6 28. Rxg7 Re8 29. h3 Re1+ 30. Kh2 Re2 31. f3 Rb2 32. Rxg6 Ke5 33. Bc4 Rc2 34. Bxa6 Rxc3 35. Rg5+ Kd6 36. Rf5 Ke7 37. b5 cxb5 38. Bxb5 Rc8 39. Re5+ Kf7 40. Re2 Rf8 41. Bc4+ Kg7 42. Bd3 Kf7 43. Bc4+ Kg7 44. Re7+ Kg6 45. Bd3+ Kg5 46. Re5+ Kh6 47. Rf5 Kg7 48. g4 Rd8 49. Bb5 Rd2+ 50. Kg3 Re2 51. Bxe2 Kg6 52. Rxf6+ Kxf6 53. f4 Kf7 54. h4 Kg7 55. g5 Kg6 56. h5+ Kg7 57. h6+ Kg6 58. Kh4 Kf7 59. f5 Kg8 60. f6 Kh8 61. Bc4 Kh7 62. Bd3+ Kg8 63. g6 Kh8 64. g7+ Kg8 65. Bc4+ Kh7 66. g8Q+ Kxh6 67. Qg7# 1-0

[Event "Titled Tuesday intern op 12th Jan"]
[Site "Chess.com INT"]
[Date "2021.01.12"]
[Round "6"]
[White "Zavivaeva, Evelina"]
[Black "Bommini, Mounika Akshaya"]
[Result "0-1"]
[WhiteElo "1536"]
[BlackElo "2029"]
[PlyCount "50"]
[EventDate "2021.01.12"]
[EventType "swiss (blitz)"]
[EventRounds "11"]
[EventCountry "USA"]
[SourceTitle "CBM 200 Extra"]
[Source "ChessBase"]
[SourceDate "2021.03.31"]
[SourceVersion "1"]
[SourceVersionDate "2021.03.31"]
[SourceQuality "1"]

1. e4 Nc6 2. Nf3 d6 3. d4 Nf6 4. e5 dxe5 5. dxe5 Qxd1+ 6. Kxd1 Ng4 7. Be3 Ngxe5 8. Be2 e6 9. Nxe5 Nxe5 10. Nc3 Bd7 11. f4 Ng6 12. g3 0-0-0 13. Ke1 e5 14. Kf2 exf4 15. Bxf4 Bc5+ 16. Be3 Bxe3+ 17. Kxe3 Rhe8+ 18. Kf2 Bf5 19. Rac1 Rd2 20. Rhe1 Bxc2 21. Kf1 Bf5 22. b4 Bh3+ 23. Kf2 Ne5 24. Kg1 Nc6 25. Nb1 Rdxe2 0-1

[Event "Titled Tuesday intern op 12th Jan"]
[Site "Chess.com INT"]
[Date "2021.01.12"]
[Round "2"]
[White "Zavivaeva, Evelina"]
[Black "Novik, Maxim"]
[Result "0-1"]
[WhiteElo "1536"]
[BlackElo "2434"]
[PlyCount "76"]
[EventDate "2021.01.12"]
[EventType "swiss (blitz)"]
[EventRounds "11"]
[EventCountry "USA"]
[SourceTitle "CBM 200 Extra"]
[Source "ChessBase"]
[SourceDate "2021.03.31"]
[SourceVersion "1"]
[SourceVersionDate "2021.03.31"]
[SourceQuality "1"]

1. e4 c6 2. d4 d5 3. exd5 cxd5 4. Bd3 Nc6 5. Nf3 Nf6 6. c3 Bg4 7. 0-0 e6 8. Bg5 Qc7 9. Nbd2 Bd6 10. h3 Bh5 11. Qb3 h6 12. Be3 g5 13. c4 g4 14. hxg4 Bxg4 15. c5 Be7 16. Bb5 Rg8 17. Ne5 Bh3 18. Bxc6+ bxc6 19. Qa4 Bxg2 20. Rfe1 Ne4 21. Qxc6+ Qxc6 22. Nxc6 Bf6 23. Nxe4 dxe4 24. Kh2 Kd7 25. Ne5+ Bxe5+ 26. dxe5 Bf3 27. Rg1 h5 28. Rxg8 Rxg8 29. Rg1 Rd8 30. Rg3 Kc6 31. b4 Rd1 32. Rg1 Rd3 33. Rb1 Ra3 34. Rb3 Rxa2 35. Kg3 a6 36. Kf4 Ra1 37. Kg5 Rg1+ 38. Kf6 h4 0-1

[Event "Titled Tuesday intern op 03rd Nov"]
[Site "Chess.com INT"]
[Date "2020.11.03"]
[Round "10"]
[White "Zavivaeva, Evelina"]
[Black "Kiseleva, Arina"]
[Result "0-1"]
[WhiteElo "1589"]
[BlackElo "2024"]
[PlyCount "32"]
[EventDate "2020.11.03"]
[EventType "swiss (blitz)"]
[EventRounds "11"]
[EventCountry "USA"]
[SourceTitle "CBM 199 Extra"]
[Source "ChessBase"]
[SourceDate "2021.01.31"]
[SourceVersion "1"]
[SourceVersionDate "2021.01.31"]
[SourceQuality "1"]

1. e4 c5 2. c3 d5 3. exd5 Qxd5 4. d4 Nf6 5. Nf3 Nc6 6. Bb5 cxd4 7. Bxc6+ Qxc6 8. cxd4 Bg4 9. Nc3 Bxf3 10. Qxf3 Qxf3 11. gxf3 e6 12. Bg5 Bb4 13. 0-0-0 Rc8 14. Kc2 Nd5 15. Rd3 Bxc3 16. bxc3 Nb4+ 0-1

[Event "Titled Tuesday intern op 27th Oct"]
[Site "Chess.com INT"]
[Date "2020.10.27"]
[Round "8"]
[White "Playa, Marcelo"]
[Black "Zavivaeva, Evelina"]
[Result "1-0"]
[WhiteElo "2376"]
[BlackElo "1589"]
[PlyCount "45"]
[EventDate "2020.10.27"]
[EventType "swiss (blitz)"]
[EventRounds "11"]
[EventCountry "USA"]
[SourceTitle "CBM 199 Extra"]
[Source "ChessBase"]
[SourceDate "2021.01.31"]
[SourceVersion "1"]
[SourceVersionDate "2021.01.31"]
[SourceQuality "1"]

1. e4 e5 2. Nf3 Nc6 3. d4 exd4 4. Bc4 Bc5 5. Ng5 Ne5 6. Nxf7 Qf6 7. Nxe5 Qxe5 8. 0-0 Nf6 9. f4 Qh5 10. Qxh5+ Nxh5 11. e5 d3+ 12. Kh1 dxc2 13. Nc3 d6 14. Ne4 dxe5 15. Nxc5 exf4 16. Bxf4 Rf8 17. Rae1+ Kd8 18. Bxc7+ Kxc7 19. Rxf8 b6 20. Nb3 Bb7 21. Rf7+ Kc6 22. Nd4+ Kc5 23. Nxc2 1-0

[Event "Titled Tuesday intern op 20th Oct"]
[Site "Chess.com INT"]
[Date "2020.10.20"]
[Round "10"]
[White "Md Jamal, Uddin"]
[Black "Zavivaeva, Evelina"]
[Result "1-0"]
[WhiteElo "2060"]
[BlackElo "1589"]
[PlyCount "47"]
[EventDate "2020.10.20"]
[EventType "swiss (blitz)"]
[EventRounds "11"]
[EventCountry "USA"]
[SourceTitle "EXT 2022"]
[Source "ChessBase"]
[SourceDate "2021.10.06"]
[SourceVersion "1"]
[SourceVersionDate "2021.10.06"]
[SourceQuality "1"]

1. e4 e5 2. Nf3 Nc6 3. d4 exd4 4. Bc4 d6 5. 0-0 Be7 6. Nxd4 Nf6 7. Nc3 0-0 8. h3 Nxd4 9. Qxd4 Be6 10. Bxe6 fxe6 11. f4 c5 12. Qc4 Qd7 13. Bd2 d5 14. exd5 exd5 15. Qe2 d4 16. Ne4 Nxe4 17. Qxe4 Bd6 18. Qd5+ Kh8 19. c4 dxc3 20. Bxc3 Qc6 21. Qg5 Qc7 22. Rae1 Bxf4 23. Rxf4 Rxf4 24. Re7 1-0